Langues et cultures étrangères - Décodeur - Statistiques

Statistiques générales
  • Ce quiz a été pris 2 414 fois
  • Le résultat moyen est 11 sur 16
Statistiques - réponses
Indice Réponse % Correct
Big Ben est l'un des monuments principaux de cette ville Londres
97%
La Saint-Patrick, célébré le 17 mars, est une fête en l'honneur du saint patron de cette nation Irlande
96%
Le kilt est un vêtement traditionnel de cette nation Écosse
94%
Gizeh est une ville où se trouvent plusieurs monuments de cet État Égypte
91%
Animal symbole de la ville de Rome Louve
81%
"Dimanche" en espagnol Domingo
78%
Plat originaire du Proche Orient consistant en une purée de pois chiches à l’huile ou à la crème de sésame Houmous
76%
La statue de la Petite Sirène est un symbole de cette capitale Copenhague
74%
Traduction française du mot russe "спасибо/Spasibo" Merci
73%
Pays dont l'existence des Huldufólks, elfes invisibles vivant principalement dans les montagnes fait partie du folklore et des croyances populaires. Islande
68%
Le didjeridoo est un instrument inventé par les indigènes de ce pays Australie
65%
Langue officielle de la Moldavie et partageant beaucoup de similitudes avec le moldave Roumain
63%
Personne française présente dans les paroles de l'hymne de la Pologne Napoléon Bonaparte
60%
Le candombe est un genre musical traditionnel de ce pays Uruguay
49%
Réponse cachée {Muraille} {de} {Chine}
48%
Pays n'ayant eu aucune langue officielle au niveau national avant le 2 mars 2025 États-Unis
36%
Aucun quiz correspondant
Distribution des résultats
% des personnes avec chaque résultat
Percentile par nombre de réponses
Votre historique - résultats
Vous n’avez pas pris ce quiz